000 00660nam a2200193 a 4500
005 20131028064601.0
008 940217s1994 txua b 001 0 eng
020 _a0155003852
080 _a323.27
245 0 0 _aRevolutions :
_cedited by Jack A. Goldstone.
250 _a2nd ed.
260 _aFort Worth :
_bHarcourt Brace College Publishers,
_cc1994
300 _axi, 336 p. :
_bill. ;
_c24 cm.
500 _aPreface : f. [V] - VII
504 _aIncludes bibliographical references (p. [321]-328) and index.
650 0 _aRevolucionet
_xStudim i rasteve
700 1 _aGoldstone, Jack A.
942 _2udc
_cBK
999 _c165
_d165